Theory of value, distribution and welfare economics (Record no. 32200)

MARC details
000 -LEADER
fixed length control field 00292nam a2200109Ia 4500
082 ## - DEWEY DECIMAL CLASSIFICATION NUMBER
Classification number 330.831.4
Item number JOS
100 ## - MAIN ENTRY--AUTHOR NAME
Personal name JOSHI, J M
245 #0 - TITLE STATEMENT
Title Theory of value, distribution and welfare economics
260 ## - PUBLICATION, DISTRIBUTION, ETC. (IMPRINT)
Place of publication New Delhi
Name of publisher Vikas
Year of publication 1977
942 ## - ADDED ENTRY ELEMENTS (KOHA)
Koha item type Books
Holdings
Withdrawn status Lost status Damaged status Not for loan Home library Current library Date acquired Full call number Accession Number Koha item type
        RRII Library RRII Library 16/12/2021 330.831.4 JOS 12722 Books